Capitales más cercanas a Colombo - Estadísticas

Estadísticas generales
  • Esta prueba ha sido intentada 29 veces
  • La puntuación promedio es 14 de 20
Estadísticas de respuestas
km capital % Correcto
2435 Nueva Delhi
100%
2379 Bangkok
88%
3202 Hanói
84%
3065 Islamabad
84%
2729 Singapur
84%
2755 Vientián
84%
3328 Yakarta
84%
2388 Katmandú
80%
3270 Kabul
76%
2450 Kuala Lumpur
76%
772 Malé
76%
2795 Nom Pen
72%
2192 Daca
68%
2260 Naipyidó
64%
2511 Timbu
64%
2956 Mascate
52%
3351 Abu Dhabi
40%
3646 Doha
40%
3005 Victoria
36%
3699 Dusambé
20%
No se encontraron pruebas coincidentes
Distribución de puntuación
Porcentaje de gente con cada puntuación
Porcentaje por número respondido
Historial de tus puntuaciones
No has intentado esta prueba.